LEADER 01499nam a2200229 4500 001 000000346786 003 CaOOAMICUS 005 20210628102750.0 008 210624s2016 it a o 000 u ita r 040 $aSeMil$bita 100 1 $aTedesco, Alessandro,$d<1987- >.$0(OLS)http://semarc/name/112251 245 10$aLodovico Domenichi (1515-1564) :$brepertorio delle fonti e bibliografia degli studi e delle edizioni /$cAlessandro Tedesco. 264 1$aUdine :$bUniversità degli Studi di Udine,$c2016. 300 $a695 p. :$bill. 500 $aTesi di Dottorato di Ricerca del Corso di Dottorato di Ricerca in Scienze Bibliografiche del Testo e del Documento - XXVIII Ciclo (Università degli Studi di Udine). 600 14$aDomenichi, Lodovico <1515-1564>.$0(OLS)http://semarc/subject/50586 650 4$aEdizioni del 16 sec. - Bibliografia.$0(OLS)http://semarc/subject/50587 850 $aSeMil 852 $aSeMil$W1$xVenegono$y1$pRisorsa posseduta in formato digitale$B237867$CSeMilBibl$Z2$F237867 $8I 996 $6245$aLodovico Domenichi (1515-1564) :$brepertorio delle fonti e bibliografia degli studi e delle edizioni$9(OLS)http://semarc/title/436009 996 $6264$aUdine :$bUniversità degli Studi di Udine$9(OLS)http://semarc/publisher/59952 LEADER 01333nam a2200277 i 4500 001 000000058754 003 CaOOAMICUS 005 20091029000000.0 008 091029s1963 it u000 u ita u 013 $a29926 040 $aSeMil$bita 100 1 $aGaiotti De Biase, Paola.$0(OLS)http://semarc/name/29977 245 13$aLe origini del movimento cattolico femminile /$cPaola Gaiotti De Biase. 260 $aBrescia :$bMorcelliana,$ccopyr. 1963. 300 $a203 p. ;$c20 cm. 490 0 $aBiblioteca di storia contemporanea 490 0 $aBiblioteca di storia contemporanea. Sez. 1, Il movimento cattolico in Italia e in Europa ;$v3 650 4$aMovimento cattolico - Italia.$0(OLS)http://semarc/subject/2567 650 4$aPensiero e Azione .$0(OLS)http://semarc/subject/11841 830 0$aBiblioteca di storia contemporanea.$0(OLS)http://semarc/title/374 830 0$aBiblioteca di storia contemporanea. Sez. 1, Il movimento cattolico in Italia e in Europa ;$v3.$0(OLS)http://semarc/title/23569 850 $aSeMil 852 $aSeMil$W1$xVenegono$y1$m3E I 143$j24907$B24907$CSeMilBibl$Z2$F24910 $81 961 $aAcquisto: Casa editrice 996 $6245$aLe origini del movimento cattolico femminile$9(OLS)http://semarc/title/91646 996 $6260$aBrescia :$bMorcelliana$9(OLS)http://semarc/publisher/29629